000
00329nam a22001457a 4500
008
210302b ||||| |||| 00| 0 eng d
020
_a
0471583650
041
_a
eng
080
_a
336
082
_a
336
100
_a
56
101
_a
FIN
245
_a
Introduction to Financial Accounting
_c
McCullers, L. D
942
_2
udc
_c
BK
999
_c
55446
_d
55446